Baltimore East quadrangle, Maryland : 7.5-minute series /

Bibliographic Details
Corporate Author: Geological Survey (U.S.) (Cartographer)
Format: Government Document Map Serial
Language:English
Published: [Reston, Va.] : U.S. Department of the Interior, U.S. Geological Survey, 2011-
Subjects:
Online Access:Use place name Baltimore to search for this set of quadrangles

MARC

Tag First Indicator Second Indicator Subfields
LEADER 00000ces a2200000Ii 4500
001 in00002742003
005 20211120164335.0
006 m o d f
006 shr f0 0
007 aj cznzn
007 cr cn|||||||||
008 120224c20119999vauag bh c fo 1 eng d
034 1 |a a  |b 24000  |d W0763730  |e W0763000  |f N0392230  |g N0391500 
035 |a (OCoLC)ocn778090858 
040 |a GPO  |b eng  |e rda  |e pn  |c GPO  |d GPO  |d OCLCF  |d GPO  |d OCLCO  |d OCL  |d OCLCO  |d GPO  |d MvI 
043 |a n-us-md 
049 |a WWW 
052 |a 3843  |b B3 
052 |a 3844  |b B2 
074 |a 0619-M-20 (online) 
086 0 |a I 19.81:39076-C 5-TF-024/ 
110 2 |a Geological Survey (U.S.),  |e cartographer. 
245 1 0 |a Baltimore East quadrangle, Maryland :  |b 7.5-minute series /  |c produced by the United States Geological Survey. 
246 1 |i Filing title:  |a Baltimore East, MD 
255 |a Scale 1:24,000 ;  |b universal transverse Mercator projection  |c (W 76°37ʹ30ʺ--W 76°30ʹ00ʺ/N 39°22ʹ30ʺ--N 39°15ʹ00ʺ). 
264 1 |a [Reston, Va.] :  |b U.S. Department of the Interior, U.S. Geological Survey,  |c 2011- 
300 |a 1 online resource (maps) :  |b color 
310 |a Triennial 
336 |a cartographic image  |b cri  |2 rdacontent 
337 |a computer  |b c  |2 rdamedia 
338 |a online resource  |b cr  |2 rdacarrier 
362 1 |a Began with 2011. 
500 |a Relief shown by contours and spot heights. 
500 |a Includes location map and index to adjoining quadrangles. 
588 |a Description based on: 2011; title from title screen (viewed on Feb. 24, 2012). 
588 |a Latest issue consulted: 2014 (viewed on June 5, 2014). 
651 0 |a Baltimore (Md.)  |v Maps. 
651 0 |a Baltimore County (Md.)  |v Maps. 
651 7 |a Maryland  |z Baltimore County.  |2 fast  |0 (OCoLC)fst01204502 
651 7 |a Maryland  |z Baltimore.  |2 fast  |0 (OCoLC)fst01204292 
655 7 |a Topographic maps.  |2 fast  |0 (OCoLC)fst01423808 
655 7 |a Maps.  |2 fast  |0 (OCoLC)fst01423704 
655 7 |a Topographic maps.  |2 lcgft 
856 4 0 |u https://purl.fdlp.gov/GPO/gpo18839  |z Use place name Baltimore to search for this set of quadrangles  |t 0 
999 f f |s e9b382b9-ecf5-3ef9-8574-5ab7d19df4b9  |i 21a4f81b-e222-391d-98af-918461555279  |t 0 
952 f f |a Texas A&M University  |b College Station  |c Electronic Resources  |d Available Online  |t 0  |e I 19.81:39076-C 5-TF-024/2011  |h Superintendent of Documents classification 
998 f f |a I 19.81:39076-C 5-TF-024/2011  |t 0  |l Available Online